[Event "DVM U20 2024"]
[Site "Breisach am Rhein GER"]
[Date "2024.12.29"]
[Round "5"]
[White "Allmendinger, Anton Johannes"]
[Black "Eberle, Florian"]
[Result "0-1"]
[Termination "normal"]
[Board "5.3"]
[WhiteElo "1743"]
[BlackElo "1977"]
[WhiteTeam "VfB Schach Leipzig"]
[BlackTeam "KSV Rochade Göttingen (Veltheim)"]
[PlyCount "62"]
[WhiteFideId "34676961"]
[BlackFideId "34627731"]
[EventCountry "GER"]
[EventRounds "7"]
[EventType "team-swiss"]
[EventDate "2024.12.26"]

1. e4 c5 2. c3 Nf6 3. e5 Nd5 4. d4 cxd4 5. Nf3 d6 6. cxd4 Nc6 7. Bc4 dxe5 8.
dxe5 Ndb4 9. Qb3 e6 10. O-O Na5 11. Bb5+ Bd7 12. Qa4 Bxb5 13. Qxb5+ Nac6 14.
Nc3 a6 15. Qe2 Qd3 16. Rd1 Qxe2 17. Nxe2 Bc5 18. Bf4 Nd5 19. Bg3 Ke7 20. Rac1
Ba7 21. Nc3 Nxc3 22. Rxc3 h6 23. Rcd3 Rhd8 24. Rxd8 Rxd8 25. Rxd8 Kxd8 26. a3
Nd4 27. Nxd4 Bxd4 28. b3 Kd7 29. Kf1 Kc6 30. Ke2 Kd5 31. f4 Ke4 0-1

[Event "DVM U20 2024"]
[Site "Breisach am Rhein GER"]
[Date "2024.12.29"]
[Round "5"]
[White "Tulchynsky, David"]
[Black "Widmann, Maximilian"]
[Result "1-0"]
[Termination "normal"]
[Board "5.4"]
[WhiteElo "1877"]
[BlackElo "1771"]
[WhiteTeam "KSV Rochade Göttingen (Veltheim)"]
[BlackTeam "VfB Schach Leipzig"]
[PlyCount "163"]
[WhiteFideId "16289560"]
[BlackFideId "16281691"]
[EventCountry "GER"]
[EventRounds "7"]
[EventType "team-swiss"]
[EventDate "2024.12.26"]

1. e4 c6 2. d3 d5 3. Nd2 e5 4. Ngf3 Bd6 5. d4 exd4 6. exd5 cxd5 7. Nxd4 Nf6 8.
Bb5+ Bd7 9. O-O O-O 10. N2f3 Bxb5 11. Nxb5 Be7 12. Bf4 Nc6 13. Re1 Qb6 14. a4
a6 15. Be3 Bc5 16. Bxc5 Qxc5 17. Nbd4 Rfe8 18. c3 Re4 19. Qb3 Na5 20. Qc2 Nc4
21. Nd2 Nxd2 22. Qxd2 Rae8 23. f3 R4e7 24. Rxe7 Qxe7 25. Kf2 Kf8 26. Re1 Qxe1+
27. Qxe1 Rxe1 28. Kxe1 g6 29. Ke2 Ke7 30. b4 Nd7 31. a5 Kd6 32. Nb3 Ne5 33. Nc5
Kc6 34. Ke3 f6 35. Kd4 Nf7 36. Ne6 g5 37. Nf8 h6 38. Nh7 Nd6 39. Nxf6 Nb5+ 40.
Kd3 Nd6 41. Ng4 Nf5 42. g3 Kd6 43. Ne3 Ne7 44. Ke2 Ke6 45. f4 gxf4 46. gxf4 Ng8
47. Nc2 Nf6 48. Nd4+ Kd7 49. Nb3 Kc6 50. Nc5 h5 51. Kf3 Ng4 52. f5 Nxh2+ 53.
Kf4 h4 54. Kg5 h3 55. Kh4 Nf3+ 56. Kxh3 Ng5+ 57. Kg4 Ne4 58. Nxe4 dxe4 59. Kf4
Kd5 60. f6 Ke6 61. Kxe4 Kxf6 62. Kd5 Ke7 63. Kc5 Kd7 64. Kb6 Kc8 65. c4 Kb8 66.
c5 Kc8 67. c6 Kb8 68. Kc5 Kc7 69. cxb7 Kb8 70. Kd6 Ka7 71. b8=Q+ Kxb8 72. Kc6
Ka7 73. Kc7 Ka8 74. Kb6 Kb8 75. Kxa6 Ka8 76. Kb6 Kb8 77. Kc6 Ka7 78. b5 Kb8 79.
b6 Ka8 80. b7+ Kb8 81. a6 Ka7 82. Kc7 1-0

[Event "DVM U20 2024"]
[Site "Breisach am Rhein GER"]
[Date "2024.12.29"]
[Round "5"]
[White "Wittig, Georg"]
[Black "Schilling, Rumo"]
[Result "0-1"]
[Termination "normal"]
[Board "5.5"]
[WhiteElo "1692"]
[BlackElo "1665"]
[WhiteTeam "VfB Schach Leipzig"]
[BlackTeam "KSV Rochade Göttingen (Veltheim)"]
[PlyCount "116"]
[WhiteFideId "16266366"]
[BlackFideId "16283139"]
[EventCountry "GER"]
[EventRounds "7"]
[EventType "team-swiss"]
[EventDate "2024.12.26"]

1. d4 d5 2. e3 c5 3. c3 cxd4 4. exd4 Nc6 5. Nf3 Nf6 6. Bd3 Qc7 7. O-O Bg4 8.
Nbd2 e6 9. Qb3 Bd6 10. h3 Bh5 11. Re1 O-O 12. Be2 Rab8 13. Nf1 b5 14. a3 Na5
15. Qd1 Nc4 16. Nh4 Bxe2 17. Rxe2 a5 18. Nd2 Nxd2 19. Bxd2 Ne4 20. Rc1 Nxd2 21.
Rxd2 Bf4 22. Nf3 Rfc8 23. Rdc2 Bxc1 24. Qxc1 b4 25. Ne5 bxa3 26. bxa3 Rb3 27.
Nd3 Rxc3 28. Nc5 Rxc2 29. Qxc2 e5 30. Qf5 exd4 31. Nd3 Rb8 32. g3 Qb6 33. Qe5
h6 34. Kg2 Rd8 35. Nf4 Qd6 36. Qxd4 Qxa3 37. Qb6 Qd6 38. Qxa5 d4 39. Nd3 Qd5+
40. Qxd5 Rxd5 41. Kf3 f5 42. h4 Kf7 43. Ke2 Kf6 44. Nf4 Rb5 45. Kd3 g5 46.
hxg5+ hxg5 47. Nh3 f4 48. Ng1 fxg3 49. fxg3 Rb3+ 50. Kxd4 Rxg3 51. Ne2 Ra3 52.
Ke4 Kg6 53. Ng1 Kh5 54. Ne2 Kh4 55. Ng1 Kg3 56. Kf5 Kf2 57. Nh3+ Rxh3 58. Kxg5
Rf3 0-1

[Event "DVM U20 2024"]
[Site "Breisach am Rhein GER"]
[Date "2024.12.29"]
[Round "5"]
[White "Tulchynsky, Mark"]
[Black "Vecera, Fabio"]
[Result "1-0"]
[Termination "normal"]
[Board "5.6"]
[WhiteElo "1714"]
[BlackElo "1673"]
[WhiteTeam "KSV Rochade Göttingen (Veltheim)"]
[BlackTeam "VfB Schach Leipzig"]
[PlyCount "75"]
[WhiteFideId "34617698"]
[BlackFideId "16281705"]
[EventCountry "GER"]
[EventRounds "7"]
[EventType "team-swiss"]
[EventDate "2024.12.26"]

1. e4 Nf6 2. e5 Nd5 3. d4 d6 4. c4 Nb6 5. f4 Bf5 6. Nf3 e6 7. Nc3 dxe5 8. fxe5
Be7 9. Be3 O-O 10. Be2 h6 11. O-O c6 12. Bd3 Bxd3 13. Qxd3 Na6 14. Rad1 Nc7 15.
h3 Qd7 16. Nh2 Rad8 17. Qe2 Qe8 18. Ng4 Bg5 19. Bxg5 hxg5 20. Ne4 Nd7 21. Ngf6+
gxf6 22. exf6 Nd5 23. Nd6 N5xf6 24. Nxe8 Rfxe8 25. Qe3 Nh7 26. Qb3 b6 27. d5
cxd5 28. cxd5 Nc5 29. Qf3 Re7 30. dxe6 Rxd1 31. exf7+ Kf8 32. Qa8+ Kg7 33.
f8=Q+ Nxf8 34. Qxf8+ Kg6 35. Qf6+ Kh5 36. Kh2 Rd2 37. Qh8+ Rh7 38. Qxh7# 1-0

[Event "DVM U20 2024"]
[Site "Breisach am Rhein GER"]
[Date "2024.12.29"]
[Round "5"]
[White "Neves, Carlos"]
[Black "Kamp, Adrian"]
[Result "0-1"]
[Termination "normal"]
[Board "6.1"]
[WhiteElo "1879"]
[BlackElo "2152"]
[WhiteTeam "OSG Baden-Baden"]
[BlackTeam "SK Münster 32"]
[PlyCount "200"]
[WhiteFideId "16258320"]
[BlackFideId "16222466"]
[EventCountry "GER"]
[EventRounds "7"]
[EventType "team-swiss"]
[EventDate "2024.12.26"]

1. d4 Nf6 2. c4 g6 3. g3 c6 4. Bg2 d5 5. Nc3 Bg7 6. Nf3 dxc4 7. O-O O-O 8. Qc2
Na6 9. Rd1 Nb4 10. Qa4 a5 11. Ne5 b5 12. Nxc6 Nxc6 13. Qxb5 Na7 14. Qxc4 Rb8
15. Qc5 Qb6 16. Qxe7 Re8 17. Qa3 Bf5 18. Bf4 Rbd8 19. Rac1 Rxd4 20. Rxd4 Qxd4
21. Qxa5 Ng4 22. Rf1 Nc8 23. h3 Ne5 24. Rd1 Qb6 25. Qa4 Rd8 26. Nd5 Qc5 27. b4
Qf8 28. b5 Be6 29. Bg5 Rd7 30. Bf6 Rxd5 31. Bxd5 Bxf6 32. Qa6 Qd8 33. Bb3 Qb6
34. Qxb6 Nxb6 35. Bxe6 fxe6 36. Rd6 Nec4 37. Rxe6 Kf7 38. Rc6 Bd8 39. e4 Na3
40. Rc5 Ke6 41. f4 Kd6 42. Rc6+ Kd7 43. Rc5 Be7 44. Rc1 Nxb5 45. Kg2 Na4 46.
Rd1+ Ke8 47. Kf3 Nac3 48. Rd2 Nd6 49. h4 Ncxe4 50. Rh2 Nf6 51. a4 Bd8 52. Ra2
Ba5 53. Re2+ Kf7 54. Re5 Bb4 55. g4 Nd7 56. Re2 Nc5 57. Rb2 Bc3 58. Rb6 Ke7 59.
h5 Nxa4 60. Rc6 Kd7 61. Ra6 Nc5 62. Ra7+ Ndb7 63. hxg6 hxg6 64. Ra8 Ke7 65. Rc8
Bf6 66. Rc6 Ne6 67. Rb6 Nd6 68. Ra6 Nf8 69. Ra7+ Nd7 70. Ra2 Nc5 71. Rc2 Nce4
72. Re2 Kf7 73. Ra2 Be7 74. Ra7 Kf6 75. Ra5 Nd2+ 76. Ke2 N6e4 77. Ra6+ Kf7 78.
Ra8 Bd6 79. Ke3 Bc5+ 80. Kd3 Bb4 81. Rb8 Bd6 82. Rb7+ Kf6 83. Rb6 Kg7 84. Rb7+
Kf6 85. Rb6 Kf7 86. Rb7+ Ke6 87. Rb6 Kd5 88. Rb5+ Bc5 89. Rb8 Nf3 90. Rg8 Nh4
91. Rd8+ Bd6 92. Rh8 Ng2 93. f5 g5 94. Rg8 Bf4 95. Rd8+ Nd6 96. Ke2 Ke4 97. Ra8
Be5 98. Kf2 Ne3 99. Ra4+ Ndc4 100. Ra6 Nxg4+ 0-1

[Event "DVM U20 2024"]
[Site "Breisach am Rhein GER"]
[Date "2024.12.29"]
[Round "5"]
[White "Weidemann, Jakob"]
[Black "Uhlmann, Jonas"]
[Result "1-0"]
[Termination "normal"]
[Board "6.2"]
[WhiteElo "2221"]
[BlackElo "1850"]
[WhiteTeam "SK Münster 32"]
[BlackTeam "OSG Baden-Baden"]
[PlyCount "109"]
[WhiteFideId "16255470"]
[BlackFideId "16258576"]
[EventCountry "GER"]
[EventRounds "7"]
[EventType "team-swiss"]
[EventDate "2024.12.26"]

1. e4 c5 2. Nf3 e6 3. d4 cxd4 4. Nxd4 Bc5 5. Nb3 Bb6 6. Bd3 Ne7 7. c4 d5 8.
exd5 exd5 9. O-O dxc4 10. Bxc4 Qxd1 11. Rxd1 O-O 12. Nc3 Nbc6 13. Bf4 Bf5 14.
Na4 Bd8 15. Nac5 b6 16. Nd7 Bxd7 17. Rxd7 Ng6 18. Bd6 Be7 19. Bxe7 Ngxe7 20.
Re1 Ng6 21. Rc7 Rac8 22. Bxf7+ Kh8 23. Rxc8 Rxc8 24. Bxg6 hxg6 25. g3 Nb4 26.
a3 Nd3 27. Re2 Nc1 28. Nxc1 Rxc1+ 29. Kg2 Rc7 30. Re5 Kg8 31. Kf3 Kf7 32. a4
Kf6 33. Rb5 Rc4 34. b3 Rc3+ 35. Kg4 Rc2 36. a5 bxa5 37. Rxa5 Rxf2 38. Ra6+ Ke5
39. h4 Rf6 40. Ra5+ Ke4 41. Rxa7 Rb6 42. Rxg7 Ke5 43. Kg5 Rxb3 44. g4 Rb5 45.
Rxg6 Ke4+ 46. Kh6 Kf4 47. h5 Rb7 48. Rg7 Rb6+ 49. Kh7 Rb8 50. h6 Ra8 51. Rg8
Ra7+ 52. Kh8 Ke5 53. h7 Kf6 54. g5+ Kf5 55. g6 1-0

[Event "DVM U20 2024"]
[Site "Breisach am Rhein GER"]
[Date "2024.12.29"]
[Round "5"]
[White "Yin, Vito"]
[Black "Schröder, Lennart"]
[Result "0-1"]
[Termination "normal"]
[Board "6.3"]
[WhiteElo "1845"]
[BlackElo "2127"]
[WhiteTeam "OSG Baden-Baden"]
[BlackTeam "SK Münster 32"]
[PlyCount "108"]
[WhiteFideId "34601759"]
[BlackFideId "16222490"]
[EventCountry "GER"]
[EventRounds "7"]
[EventType "team-swiss"]
[EventDate "2024.12.26"]

1. c4 e5 2. Nc3 Bb4 3. Nd5 Be7 4. g3 Nf6 5. Nxe7 Qxe7 6. Bg2 c6 7. Qc2 O-O 8.
Nf3 d5 9. O-O e4 10. Nd4 c5 11. Nb3 d4 12. d3 exd3 13. Qxd3 Nc6 14. Bg5 Bg4 15.
f3 Bh5 16. Bxf6 gxf6 17. Qf5 Bg6 18. Qxc5 Qxe2 19. Rf2 Qe3 20. Qd6 Qe6 21. Qd5
Rfd8 22. Qb5 Ne5 23. Bf1 d3 24. Nd2 Nc6 25. Rd1 b6 26. Nb3 Nd4 27. Nxd4 Rxd4
28. b3 Qd6 29. b4 a6 30. c5 axb5 31. cxd6 Rxd6 32. Rfd2 Rd4 33. Rb1 Ra4 34. Kf2
Raxb4 35. Rxb4 Rxb4 36. Ke3 Ra4 37. Bxd3 Ra3 38. Kd4 Bxd3 39. Rxd3 Rxa2 40. h4
Rc2 41. Ke4 b4 42. Rb3 Rc4+ 43. Kf5 Kg7 44. h5 Rc5+ 45. Kg4 Rg5+ 46. Kh4 Rb5
47. g4 Kf8 48. h6 Ke7 49. f4 Ke6 50. g5 fxg5+ 51. fxg5 Kd5 52. g6 fxg6 53. Rd3+
Kc4 54. Rd6 Rh5+ 0-1

[Event "DVM U20 2024"]
[Site "Breisach am Rhein GER"]
[Date "2024.12.29"]
[Round "5"]
[White "Hartwig, Eric-Jordan"]
[Black "Bossert, Moritz"]
[Result "1/2-1/2"]
[Termination "normal"]
[Board "6.4"]
[WhiteElo "1859"]
[BlackElo "1744"]
[WhiteTeam "SK Münster 32"]
[BlackTeam "OSG Baden-Baden"]
[PlyCount "83"]
[WhiteFideId "16298454"]
[BlackFideId "16239946"]
[EventCountry "GER"]
[EventRounds "7"]
[EventType "team-swiss"]
[EventDate "2024.12.26"]

1. e4 c5 2. Nf3 e6 3. d4 cxd4 4. Nxd4 Bc5 5. Nb3 Bb6 6. Nc3 Ne7 7. Qg4 O-O 8.
h4 f5 9. exf5 Nxf5 10. Bg5 Qe8 11. O-O-O Nc6 12. Qh3 e5 13. Bc4+ Kh8 14. g4
Nfd4 15. Nxd4 Nxd4 16. Be3 Qg6 17. Bd3 Qe6 18. Bxd4 exd4 19. Bf5 Qc4 20. Nb1 d5
21. b3 Qc6 22. Bd3 a5 23. a4 Bd7 24. Qg2 Bc5 25. g5 Qd6 26. Rdf1 Rac8 27. Kb2
Bf5 28. Bxf5 Rxf5 29. Qh3 Rcf8 30. f4 Rxf4 31. Rxf4 Qxf4 32. Qh2 Qe3 33. Qh3
Qe5 34. Qd3 Qe4 35. Rh3 Rf4 36. Qg3 Bb4 37. h5 Be1 38. Qd3 Qe5 39. g6 h6 40.
Rf3 Rxf3 41. Qxf3 Bb4 42. Ka2 1/2-1/2

[Event "DVM U20 2024"]
[Site "Breisach am Rhein GER"]
[Date "2024.12.29"]
[Round "5"]
[White "Stankovic, David"]
[Black "Gouterney, Anton"]
[Result "0-1"]
[Termination "normal"]
[Board "6.5"]
[WhiteElo "1677"]
[BlackElo "1906"]
[WhiteTeam "OSG Baden-Baden"]
[BlackTeam "SK Münster 32"]
[PlyCount "106"]
[WhiteFideId "16240685"]
[BlackFideId "34675418"]
[EventCountry "GER"]
[EventRounds "7"]
[EventType "team-swiss"]
[EventDate "2024.12.26"]

1. e4 c6 2. Nf3 d5 3. exd5 cxd5 4. d4 Nf6 5. Bb5+ Bd7 6. Bxd7+ Nbxd7 7. O-O e6
8. Bg5 Be7 9. Nc3 O-O 10. a3 Rc8 11. Qd3 a6 12. Rfe1 b5 13. Rac1 Nb6 14. Ra1
Nc4 15. Reb1 Qc7 16. Nd2 Nxa3 17. Nxd5 exd5 18. bxa3 Qxc2 19. Qe2 Qc7 20. Re1
h6 21. Bh4 Ne4 22. Bxe7 Qxe7 23. f3 f5 24. fxe4 dxe4 25. Qe3 Qd6 26. Rac1 Rcd8
27. Nb3 Rde8 28. Nc5 Kh8 29. d5 f4 30. Nxe4 Qxd5 31. Qf3 Qd4+ 32. Kh1 Re6 33.
Rcd1 Qb6 34. Qc3 Rfe8 35. Rd7 Rg6 36. Qf3 Rge6 37. Qxf4 Qc6 38. Qf7 Rg8 39. Rc7
Rxe4 40. Rc1 Qe6 41. Qxe6 Rxe6 42. R7c6 Rge8 43. h3 a5 44. R6c5 Re1+ 45. Rxe1
Rxe1+ 46. Kh2 Ra1 47. Rc3 Kh7 48. Kg3 a4 49. Kf2 Rb1 50. Rc2 Rb3 51. Ra2 Kg6
52. Ke2 Kf5 53. Rc2 g5 0-1

[Event "DVM U20 2024"]
[Site "Breisach am Rhein GER"]
[Date "2024.12.29"]
[Round "5"]
[White "John, Niklas"]
[Black "Baihaghi, Aryana"]
[Result "0-1"]
[Termination "normal"]
[Board "6.6"]
[WhiteElo "1794"]
[BlackElo "1736"]
[WhiteTeam "SK Münster 32"]
[BlackTeam "OSG Baden-Baden"]
[PlyCount "70"]
[WhiteFideId "16234626"]
[BlackFideId "34604960"]
[EventCountry "GER"]
[EventRounds "7"]
[EventType "team-swiss"]
[EventDate "2024.12.26"]

1. e4 e5 2. Nf3 Nc6 3. Bc4 Bc5 4. d3 Nf6 5. O-O O-O 6. h3 h6 7. Re1 d6 8. c3
Re8 9. Bb3 Bb6 10. Nbd2 Nh5 11. Nc4 Qf6 12. Nxb6 axb6 13. d4 Nf4 14. Kh2 Na5
15. Bc2 Nc6 16. Be3 Ne7 17. Qd2 Neg6 18. a4 Nxh3 19. Qd1 Nhf4 20. Bxf4 Nxf4 21.
Bd3 Bg4 22. Bf1 Qg6 23. Re3 Ra5 24. b4 exd4 25. bxa5 dxe3 26. fxe3 Qh5+ 27. Kg1
Nh3+ 28. gxh3 Bxf3 29. Qd2 Re6 30. Qh2 Bxe4 31. axb6 Rg6+ 32. Kf2 Qf3+ 33. Ke1
Qxe3+ 34. Kd1 Qxb6 35. Qd2 Qb3+ 0-1

[Event "DVM U20 2024"]
[Site "Breisach am Rhein GER"]
[Date "2024.12.29"]
[Round "5"]
[White "Nied, Pascal"]
[Black "Liebold, Aaron"]
[Result "1-0"]
[Termination "normal"]
[Board "7.1"]
[WhiteElo "2217"]
[BlackElo "2070"]
[WhiteTeam "SC Untergrombach 46"]
[BlackTeam "ESV Gera"]
[PlyCount "169"]
[WhiteFideId "16260597"]
[BlackFideId "12997846"]
[EventCountry "GER"]
[EventRounds "7"]
[EventType "team-swiss"]
[EventDate "2024.12.26"]

1. e4 c5 2. Nf3 d6 3. Bb5+ Nd7 4. a4 Nf6 5. Nc3 a6 6. Be2 g6 7. O-O Bg7 8. a5
b5 9. axb6 Bb7 10. d3 a5 11. Be3 O-O 12. Qc1 Nxb6 13. Bh6 e5 14. Ne1 Nfd7 15.
g3 Nb8 16. Bf3 Nc6 17. Ne2 Qe7 18. Bg2 Rfb8 19. Be3 Ba6 20. b3 Bc8 21. Nf3 Be6
22. Nc3 Nb4 23. Nd2 Ra7 24. Nc4 Bxc4 25. dxc4 Rba8 26. Na4 Nd7 27. Qd2 Ra6 28.
Rfd1 Bf8 29. Nc3 Nb6 30. Nb5 a4 31. c3 Nc6 32. Nxd6 axb3 33. Rxa6 Rxa6 34. Bxc5
Nxc4 35. Qe2 N6a5 36. Bb4 Qe6 37. Bh3 Qxh3 38. Nxc4 Nxc4 39. Qxc4 Bxb4 40. Qxa6
Bxc3 41. Qc4 Bd4 42. Qxb3 Qc8 43. Rd3 Kg7 44. Rf3 Qd7 45. Qc4 Qe7 46. Qd5 Ba7
47. Kg2 Bd4 48. Rb3 Qf6 49. Rf3 Qe7 50. Qc6 h5 51. h4 Qd8 52. Qb7 Qe8 53. Ra3
Qe6 54. Ra8 Qc4 55. Qb8 Kf6 56. Qh8+ Ke7 57. Re8+ Kd7 58. Rd8+ Ke6 59. Re8+ Kd7
60. Rb8 Ke6 61. Qc8+ Qxc8 62. Rxc8 Bb2 63. Ra8 Bd4 64. f3 Bc3 65. g4 Kf6 66.
Rg8 Be1 67. Kh3 Bd2 68. Ra8 Be1 69. Ra2 Bc3 70. Rg2 hxg4+ 71. fxg4 Bd4 72. Kg3
Bc3 73. Re2 Bd4 74. Kf3 Bc5 75. Rc2 Bb4 76. Rh2 Bf8 77. g5+ Ke6 78. Ra2 Bb4 79.
Ra6+ Ke7 80. Kg4 Bc5 81. h5 gxh5+ 82. Kxh5 Be3 83. Kg4 Bd4 84. Kf5 Bc3 85. Ra7+
1-0

[Event "DVM U20 2024"]
[Site "Breisach am Rhein GER"]
[Date "2024.12.29"]
[Round "5"]
[White "Helmsdorf, Marius"]
[Black "Hayen, Andre"]
[Result "1/2-1/2"]
[Termination "normal"]
[Board "7.2"]
[WhiteElo "1967"]
[BlackElo "2045"]
[WhiteTeam "ESV Gera"]
[BlackTeam "SC Untergrombach 46"]
[PlyCount "42"]
[WhiteFideId "16274873"]
[BlackFideId "16278984"]
[EventCountry "GER"]
[EventRounds "7"]
[EventType "team-swiss"]
[EventDate "2024.12.26"]

1. d4 d5 2. Nc3 Nf6 3. Bf4 c5 4. e3 cxd4 5. exd4 Bg4 6. f3 Bd7 7. Nb5 Bxb5 8.
Bxb5+ Nc6 9. c3 e6 10. h4 Bd6 11. Ne2 Bxf4 12. Nxf4 Qb6 13. Qb3 Qc7 14. Ne2 a6
15. Bxc6+ Qxc6 16. Qa3 h6 17. Nf4 Qc7 18. g3 O-O-O 19. Kf2 g5 20. Nd3 Rdg8 21.
Qc5 Qxc5 1/2-1/2

[Event "DVM U20 2024"]
[Site "Breisach am Rhein GER"]
[Date "2024.12.29"]
[Round "5"]
[White "Doll, Rebecca"]
[Black "Barz, Henrik"]
[Result "1/2-1/2"]
[Termination "normal"]
[Board "7.3"]
[WhiteElo "1987"]
[BlackElo "1735"]
[WhiteTeam "SC Untergrombach 46"]
[BlackTeam "ESV Gera"]
[PlyCount "77"]
[WhiteFideId "16236890"]
[BlackFideId "34628320"]
[EventCountry "GER"]
[EventRounds "7"]
[EventType "team-swiss"]
[EventDate "2024.12.26"]

1. e4 e6 2. d4 d5 3. Nd2 Nf6 4. e5 Nfd7 5. Bd3 c5 6. c3 Nc6 7. Ne2 cxd4 8. cxd4
f6 9. exf6 Nxf6 10. Nf3 Bd6 11. O-O O-O 12. Bf4 Ng4 13. Bg3 Nh6 14. Re1 Nf5 15.
Bxd6 Qxd6 16. Rc1 Bd7 17. Ng3 Ncxd4 18. Nxd4 Nxd4 19. Bxh7+ Kxh7 20. Qxd4 Rfc8
21. Rcd1 Qc5 22. Qe5 Rf8 23. Ne4 Qb6 24. Re3 Rf5 25. Qg3 Raf8 26. Ng5+ Kg8 27.
Qh4 Rxg5 28. Qxg5 Qxb2 29. Qh4 e5 30. Rde1 e4 31. R3e2 Qd4 32. Qe7 Bc6 33. Qe6+
Kh7 34. Re3 Rf6 35. Rh3+ Kg6 36. Rg3+ Kh7 37. Rh3+ Kg6 38. Rg3+ Kh7 39. Rh3+
1/2-1/2

[Event "DVM U20 2024"]
[Site "Breisach am Rhein GER"]
[Date "2024.12.29"]
[Round "5"]
[White "Hanmuradov, Ülwi"]
[Black "Toth, Marc"]
[Result "0-1"]
[Termination "normal"]
[Board "7.4"]
[WhiteElo "1826"]
[BlackElo "1793"]
[WhiteTeam "ESV Gera"]
[BlackTeam "SC Untergrombach 46"]
[PlyCount "88"]
[WhiteFideId "34658840"]
[BlackFideId "16260210"]
[EventCountry "GER"]
[EventRounds "7"]
[EventType "team-swiss"]
[EventDate "2024.12.26"]

1. d4 d5 2. Nf3 Nf6 3. c4 e6 4. Nc3 Be7 5. Bg5 Nbd7 6. e3 O-O 7. Be2 h6 8. Bh4
b6 9. O-O Bb7 10. Rc1 c5 11. cxd5 Nxd5 12. Bxe7 Qxe7 13. Bd3 Rfd8 14. Qe2 cxd4
15. Nxd4 Nc5 16. Bb1 Ba6 17. Qc2 Bd3 18. Qd2 Bxf1 19. Nc6 Qg5 20. Rxf1 Rd7 21.
Qc2 g6 22. Nb5 a6 23. Nbd4 Ne7 24. Nf3 Qf6 25. Ncd4 e5 26. Ne2 Rad8 27. h3 Rc8
28. b4 Ne6 29. Qb2 Ng5 30. Nxe5 Rd5 31. f4 Nh7 32. Be4 Rd6 33. Nd4 Nd5 34. Ng4
Qg7 35. Rd1 h5 36. Bxd5 Rxd5 37. Qb3 Rd7 38. Ne5 Rdc7 39. e4 Nf8 40. Qd5 Qf6
41. Nd3 Rd8 42. Qe5 Qxe5 43. Nxe5 Ne6 44. Nef3 Rc4 0-1

[Event "DVM U20 2024"]
[Site "Breisach am Rhein GER"]
[Date "2024.12.29"]
[Round "5"]
[White "Jung, Niklas"]
[Black "Frank, Marian"]
[Result "0-1"]
[Termination "normal"]
[Board "7.5"]
[WhiteElo "1722"]
[BlackElo "1747"]
[WhiteTeam "SC Untergrombach 46"]
[BlackTeam "ESV Gera"]
[PlyCount "68"]
[WhiteFideId "16280601"]
[BlackFideId "16245059"]
[EventCountry "GER"]
[EventRounds "7"]
[EventType "team-swiss"]
[EventDate "2024.12.26"]

1. e4 e5 2. Nf3 Nc6 3. Bc4 Bc5 4. c3 Nf6 5. d3 O-O 6. Bg5 Be7 7. Nbd2 d6 8. h3
Be6 9. Bb5 Rb8 10. O-O Na5 11. Ba4 b5 12. Bc2 c5 13. Re1 Nc6 14. a4 b4 15. c4
h6 16. Bh4 a5 17. Nb3 Kh8 18. g4 Nh7 19. Bxe7 Nxe7 20. Nh4 Ng6 21. Nxg6+ fxg6
22. Re3 Qh4 23. Qf1 Rf4 24. Qg2 Ng5 25. Qg3 Nxh3+ 26. Qxh3 Qxf2+ 27. Kh1 Bxg4
28. Qg3 Qxc2 29. Nxa5 Rbf8 30. Rg1 Bf3+ 31. Rxf3 Rxf3 32. Qg2 Rf2 33. Qg3 R8f3
34. Qh4 Qxd3 0-1

[Event "DVM U20 2024"]
[Site "Breisach am Rhein GER"]
[Date "2024.12.29"]
[Round "5"]
[White "Schulter, Moritz"]
[Black "Wettstein, Levin"]
[Result "1/2-1/2"]
[Termination "normal"]
[Board "7.6"]
[WhiteElo "1762"]
[BlackElo "1741"]
[WhiteTeam "ESV Gera"]
[BlackTeam "SC Untergrombach 46"]
[PlyCount "47"]
[WhiteFideId "16245067"]
[BlackFideId "34635866"]
[EventCountry "GER"]
[EventRounds "7"]
[EventType "team-swiss"]
[EventDate "2024.12.26"]

1. c4 Nf6 2. g3 c5 3. Bg2 e6 4. Nc3 d5 5. d4 Nc6 6. Nf3 Be7 7. O-O O-O 8. cxd5
Nxd5 9. e4 Nf6 10. d5 exd5 11. exd5 Nb4 12. Ne5 Bd6 13. Nc4 h6 14. a3 Na6 15.
Qb3 Nb8 16. Nb5 Bc7 17. d6 Bb6 18. Bf4 Nc6 19. Rfd1 Bd7 20. Nc7 Rc8 21. Nxb6
axb6 22. Qxb6 Nd4 23. Qxc5 Nb3 24. Qb4 1/2-1/2

[Event "DVM U20 2024"]
[Site "Breisach am Rhein GER"]
[Date "2024.12.29"]
[Round "5"]
[White "Helmbrecht, Paul"]
[Black "Gallas, Noel"]
[Result "1/2-1/2"]
[Termination "normal"]
[Board "8.1"]
[WhiteElo "1988"]
[BlackElo "2115"]
[WhiteTeam "FC Ergolding 1932"]
[BlackTeam "SF Essen-Katernberg 04/32"]
[PlyCount "72"]
[WhiteFideId "16270932"]
[BlackFideId "16216059"]
[EventCountry "GER"]
[EventRounds "7"]
[EventType "team-swiss"]
[EventDate "2024.12.26"]

1. c4 c6 2. g3 d5 3. Bg2 Nf6 4. Nf3 dxc4 5. a4 Nbd7 6. Na3 e5 7. Nxc4 e4 8. Ng5
Nc5 9. Ne5 Be6 10. Nxe6 Nxe6 11. Nc4 Bc5 12. O-O O-O 13. b3 Bd4 14. Rb1 Re8 15.
Ba3 Bc5 16. Bxc5 Nxc5 17. Qc1 Qe7 18. Rd1 Rad8 19. Qa3 Ne6 20. Qxe7 Rxe7 21. b4
Red7 22. Bh3 Rd4 23. Bxe6 fxe6 24. Rbc1 Nd5 25. b5 cxb5 26. axb5 h6 27. Na5 Rd7
28. e3 Rd3 29. Nc4 Rd8 30. Ne5 Rb3 31. Rb1 Rxb1 32. Rxb1 Nb6 33. Ra1 Rd5 34. f4
exf3 35. Nxf3 Rxb5 36. Rxa7 Nc4 1/2-1/2

[Event "DVM U20 2024"]
[Site "Breisach am Rhein GER"]
[Date "2024.12.29"]
[Round "5"]
[White "Jahrke, Jonas"]
[Black "Lichtinger, Simon"]
[Result "1/2-1/2"]
[Termination "normal"]
[Board "8.2"]
[WhiteElo "1881"]
[BlackElo "1909"]
[WhiteTeam "SF Essen-Katernberg 04/32"]
[BlackTeam "FC Ergolding 1932"]
[PlyCount "40"]
[WhiteFideId "12984353"]
[BlackFideId "16230442"]
[EventCountry "GER"]
[EventRounds "7"]
[EventType "team-swiss"]
[EventDate "2024.12.26"]

1. c4 e5 2. Nc3 Nf6 3. g3 d5 4. cxd5 Nxd5 5. Bg2 Nb6 6. d3 Nc6 7. Nf3 Be7 8.
O-O O-O 9. Bd2 Be6 10. Rc1 f5 11. a4 a5 12. Nb5 Bf6 13. Bc3 Nd5 14. Nd2 Na7 15.
Qc2 c6 16. Nxa7 Rxa7 17. Bxd5 cxd5 18. Nf3 d4 19. Bd2 b6 20. b4 axb4 1/2-1/2

[Event "DVM U20 2024"]
[Site "Breisach am Rhein GER"]
[Date "2024.12.29"]
[Round "5"]
[White "Klein, Maxim"]
[Black "Rasch, Lukas"]
[Result "1/2-1/2"]
[Termination "normal"]
[Board "8.3"]
[WhiteElo "1701"]
[BlackElo "1771"]
[WhiteTeam "FC Ergolding 1932"]
[BlackTeam "SF Essen-Katernberg 04/32"]
[PlyCount "40"]
[WhiteFideId "16281632"]
[BlackFideId "16272072"]
[EventCountry "GER"]
[EventRounds "7"]
[EventType "team-swiss"]
[EventDate "2024.12.26"]

1. e4 e6 2. d4 d5 3. e5 c5 4. c3 Bd7 5. Nf3 Qb6 6. Be2 Bb5 7. O-O Bxe2 8. Qxe2
Nc6 9. Be3 h5 10. b3 Nh6 11. Bxh6 Rxh6 12. Nbd2 a6 13. dxc5 Bxc5 14. b4 Be7 15.
a3 g5 16. Nb3 Rc8 17. Rac1 g4 18. Nfd4 Bg5 19. Rc2 Bf4 20. g3 Bg5 1/2-1/2